Toán cao cấp
Trình bày phép tính vi phân và tích phân của hàm nhiều biến thực, tích phân bội và tích phân phụ thuộc tham số. Giới thiệu khái niệm phương trình vi phân và một số lớp phương trình vi phân giải được...
Tallennettuna:
| Päätekijä: | |
|---|---|
| Aineistotyyppi: | Kirja |
| Kieli: | Undetermined |
| Julkaistu: |
Hà Nội
Giáo dục
1997
|
| Aiheet: | |
| Tagit: |
Lisää tagi
Ei tageja, Lisää ensimmäinen tagi!
|
| Thư viện lưu trữ: | Trung tâm Học liệu Trường Đại học Cần Thơ |
|---|
| LEADER | 00870nam a2200193Ia 4500 | ||
|---|---|---|---|
| 001 | CTU_22273 | ||
| 008 | 210402s9999 xx 000 0 und d | ||
| 082 | |a 515 | ||
| 082 | |b Kh507/T.2 | ||
| 100 | |a Nguyễn, Văn Khuê | ||
| 245 | 0 | |a Toán cao cấp | |
| 245 | 0 | |c Nguyễn Văn Khuê | |
| 260 | |a Hà Nội | ||
| 260 | |b Giáo dục | ||
| 260 | |c 1997 | ||
| 520 | |a Trình bày phép tính vi phân và tích phân của hàm nhiều biến thực, tích phân bội và tích phân phụ thuộc tham số. Giới thiệu khái niệm phương trình vi phân và một số lớp phương trình vi phân giải được | ||
| 650 | |a Mathematical analysis | ||
| 904 | |i Trọng Hải sửa số pl 515/T406/T.2 thành 515/Kh507/T.2 | ||
| 980 | |a Trung tâm Học liệu Trường Đại học Cần Thơ | ||